Les 20 Départements les plus criminogènes de France - Statistiques

Statistiques générales
  • Ce quiz a été pris 143 fois
  • Le résultat moyen est 12 sur 20
Réponses sur la Carte
Les réponses sont colorées sur une échelle allant du rouge au vert en fonction du pourcentage des utilisateurs qui les ont devinées à leur premier essai. Vous pouvez retrouver ces pourcentages ci-dessous.
 
Statistiques - réponses
Reponse Taux de criminalité % Correct
Paris 110,48
88%
Seine-Saint-Denis 70,51
88%
Bouches-du-Rhône 72,77
86%
Nord 51,85
76%
Rhône 63,04
76%
Alpes Maritimes 52,71
66%
Var 49,51
65%
Gironde 50,40
64%
Val-de-Marne 51,14
61%
Hauts-de-Seine 47,07
60%
Hérault 56,38
60%
Isère 47,51
59%
Loire-Atlantique 46,69
57%
Val d'Oise 52,49
57%
Guadeloupe 51,76
55%
Guyane 54,83
54%
Haute Garonne 50,99
45%
Vaucluse 47,98
43%
Pyrénées Orientales 51,32
41%
Marne 46,51
23%
Aucun quiz correspondant
Distribution des résultats
% des personnes avec chaque résultat
Percentile par nombre de réponses
Votre historique - résultats
Vous n’avez pas pris ce quiz